|
|
|
|
| LEADER |
00665nam a2200205Ia 4500 |
| 008 |
140316s9999 xx 000 0 und d |
| 020 |
|
|
|
| 082 |
|
|
|a 635.9
|b SIN/NA
|
| 100 |
|
|
|
| 245 |
|
|
|a National symposium on ornamental bulbous crops
|
| 260 |
|
|
|a New delhi
|b Indian society of ornamental horticulture
|c 2006
|
| 300 |
|
|
|a iv,179p.
|
| 650 |
|
|
|a Gladious
|
| 650 |
|
|
|a Tulip
|
| 700 |
|
|
|a Malik,Sunil
|
| 700 |
|
|
|a Singh ,Krishan pal
|
| 700 |
|
|
|a Singh,Mam Chand
|
| 942 |
|
|
|2 ddc
|c BK
|
| 999 |
|
|
|c 15179
|d 15179
|
| 952 |
|
|
|0 0
|1 0
|2 ddc
|4 0
|6 635_900000000000000_SINNA
|7 0
|9 16485
|a KAUCLV
|b KAUCLV
|c GENERAL
|d 2014-03-18
|l 1
|o 635.9 SIN/NA
|p 805737
|r 2014-11-27
|s 2014-11-10
|w 2014-03-18
|y BK
|